00462nam a22001577a 4500003001100000005001700011008004100028020001500069040003900084041000800123082001500131245004900146260005900195300002700254650002300281LK-CoMWRAF20230920111451.0230830b1996 |||||||| |||| 00| 0 eng d a1881482030 aLK-CoMWRAFdLK-CoMWRAFeLK-CoMWRAF aeng a305.4bWOM aWomen and human rights:bthe basic documents aNew York:bCenter for the study of Human Rights,c1996 a251 p.bIndex included aWOMEN-Human rights